000 00518nam a2200181Ia 4500
008 240925s9999 xx 000 0 und d
020 _aNA
082 _a005.4469 MIC
100 _aMicrosoft Corporation -
245 0 _aBuilding Applications With Microsoft Access for Windows 95
250 _aNA
260 _aCalifornia:
_bAutodesk
_c,1995.
300 _axi,506p.
_bNA
_fOriginal
500 _aIncludes Index
600 _aComputer Science
650 _aComputer science, information & general works
942 _cBK
999 _c6053
_d6053